000 00380pam a2200157a 44500
008 230515b1985 xxu||||| |||| 00| 0 eng d
020 _aNULL
041 _aENGL
082 _a624.1751/ KRI.
100 _aKRISHNAMURTY D.
245 _aELEMENTARY OF STRUCTURAL DESIGN AND DRAWING VOL 1
250 _aN.D.
260 _aNULL
_bC.B.S
_c1985
300 _a256 PB
650 _aNULL
999 _c618057
_d618057